| 000 | 01035nam a22003377a 4500 | ||
|---|---|---|---|
| 001 | 0006884 | ||
| 003 | KOHA_MİRAKIL | ||
| 005 | 20260207001537.0 | ||
| 007 | ta | ||
| 008 | 090812b1977 tu |||gr||||#||||0|tur | | ||
| 020 | _c0,01 | ||
| 040 |
_aTR-BiSEU _btur _cTR-BiSEU _erda |
||
| 041 | 0 | _atur | |
| 044 | _ctu | ||
| 050 |
_aDS27 _b.T36 1977 |
||
| 100 | 1 | _aTaneri, Aydın. | |
| 245 | 1 |
_aCelalü'd-din Harzmşah ve zaman/ _cAydın Taneri ; Aydın Taner. |
|
| 264 | 1 |
_aAnkara : _bKültür Bakanlığı _c1977 |
|
| 300 | _a207 sayfa | ||
| 336 |
_ametin _btxt _2rdacontent |
||
| 337 |
_aaracısız _bn _2rdamedia |
||
| 338 |
_acilt _bnc _2rdacarrier |
||
| 490 | 0 | _aKültür Bakanlığı yayınları: 270. | |
| 490 | 0 | _aKültür esreleri araştırma ve inceleme: 2. | |
| 500 | _aKaynakça var. | ||
| 650 | 0 |
_aSeljuks. _910826 |
|
| 650 | 0 |
_aTurkey--History To 1453. _916624 |
|
| 830 | 0 |
_aKültür Bakanlığı yayınları: 270. _916997 |
|
| 830 | 0 |
_aKültür esreleri araştırma ve inceleme: 2. _916998 |
|
| 942 |
_2lcc _cBK |
||
| 999 |
_c6865 _d6865 |
||